00625nam a2200181 a 450000100100000000500170001000800410002704000250006810000390009324500470013225000120017926000460019130000280023749000380026565000180030395201050032199900170042600003659620200930075823.0120123s1954 sp a 000 0 spa d aDO-SdBNPbspacBNPHU1 aWolff, Charlotted1897-198696287110aPsicología del gesto /cCharlotte Wolff. a2a. ed. aBarcelona :bLuis Miracle, Editor,c1954. a264 p. :bil. ;c24 cm.0 aBiblioteca de antropología ;v924aGestos962872 001050718MOaGRbGRcCTd2012-01-23iLF1l0o p36596-10r2020-06-25w2020-06-25y1ZNo se presta c36087d36087